书目信息 |
| 题名: |
认知心理学
|
|
| 作者: | 王猒 , 汪安圣 著 | |
| 分册: | ||
| 出版信息: | 北京 北京大学出版社 1992.4 |
|
| 页数: | 386页 | |
| 开本: | 20cm | |
| 丛书名: | 心理学丛书 | |
| 单 册: | ||
| 中图分类: | B842.1 | |
| 科图分类: | ||
| 主题词: | 认知心理学 | |
| 电子资源: | ||
| ISBN: | 978-7-301-01810-1 | |
| 000 | 00904oam2 2200289 45 | |
| 001 | 1360584015 | |
| 005 | 20130531100623.29 | |
| 010 | @a978-7-301-01810-1@dCNY30.00 | |
| 100 | @a20130513d1992 ekmy0chiy0120 ea | |
| 101 | 0 | @achi |
| 102 | @aCN@b110000 | |
| 105 | @ay z 000yy | |
| 106 | @ar | |
| 200 | 1 | @a认知心理学@ARen Zhi Xin Li Xue@f王猒,汪安圣著@FWang猒, Wang An Sheng Zhu |
| 210 | @a北京@c北京大学出版社@d1992.4 | |
| 215 | @a386页@d20cm | |
| 225 | 2 | @a心理学丛书 |
| 304 | @a王 猒,北京大学任教 | |
| 304 | @a汪安圣,杭州大学任教 | |
| 330 | @a本书介绍了认知心理学的基本原则和方法,以及对各种重要认知过程的研究,包括知觉、注意、记忆、表象、思维和语言等。 | |
| 461 | 0 | @12001 @a心理学丛书 |
| 606 | 0 | @a认知心理学 |
| 690 | @aB842.1@v5 | |
| 701 | 0 | @a王猒@AWang猒@4著 |
| 701 | 0 | @a汪安圣@AWang An Sheng@4著 |
| 801 | @aCN@bTANGWEI@c20130523 | |
| 905 | @b0835797-800@dB842.1@e1183@f4 | |
| 认知心理学/王猒,汪安圣著.-北京:北京大学出版社,1992.4 |
| 386页;20cm.-(心理学丛书) |
| ISBN 978-7-301-01810-1:CNY30.00 |
| 本书介绍了认知心理学的基本原则和方法,以及对各种重要认知过程的研究,包括知觉、注意、记忆、表象、思维和语言等。 |
| ● |
| 相关链接 |
|
|
|
|
正题名:认知心理学
索取号:B842.1/1183
 
预约/预借
| 序号 | 登录号 | 条形码 | 馆藏地/架位号 | 状态 | 备注 |
| 1 | 0835797 | 208357972 | 第一样本阅览室/ [索取号:B842.1/1183] | 在馆 | |
| 2 | 0835798 | 208357981 | 第一借阅区/ [索取号:B842.1/1183] | 在馆 | |
| 3 | 0835799 | 208357990 | 教育系资料室/ [索取号:B842.1/1183] | 在馆 | |
| 4 | 0835800 | 208358007 | 教育系资料室/ [索取号:B842.1/1183] | 在馆 |